Corrosion and Chemical Resistant Masonry Materials Handbook (Record no. 832)
[ view plain ]
| 000 -LEADER | |
|---|---|
| fixed length control field | 00372 a2200109 4500 |
| 020 ## - INTERNATIONAL STANDARD BOOK NUMBER | |
| International Standard Book Number | 8180140857 |
| 082 ## - DEWEY DECIMAL CLASSIFICATION NUMBER | |
| Classification number | 620.1304223 SHE |
| 100 ## - MAIN ENTRY--PERSONAL NAME | |
| Personal name | Sheppard, Walter Lee. |
| 245 ## - TITLE STATEMENT | |
| Title | Corrosion and Chemical Resistant Masonry Materials Handbook |
| Statement of responsibility, etc. | Edited by Walter Lee Sheppard |
| 260 ## - PUBLICATION, DISTRIBUTION, ETC. | |
| Place of publication, distribution, etc. | Delhi : |
| Name of publisher, distributor, etc. | Standard publisher distributer, |
| Date of publication, distribution, etc. | 2006 |
| 300 ## - PHYSICAL DESCRIPTION | |
| Extent | xxxvi,722p. : |
| Other physical details | ill. ; |
| Dimensions | 25 cm |
| 650 ## - SUBJECT ADDED ENTRY--TOPICAL TERM | |
| Topical term or geographic name entry element | masonry materials |
| Withdrawn status | Lost status | Damaged status | Not for loan | Permanent Location | Current Location | Shelving location | Date acquired | Total Checkouts | Full call number | Barcode | Date last seen | Price effective from | Koha item type |
|---|---|---|---|---|---|---|---|---|---|---|---|---|---|
| School of Civil and Environmental Engineering (SCEE) | School of Civil and Environmental Engineering (SCEE) | 620.1304223 SHE | NIT-5078 | 01/05/2017 | 01/05/2017 | Book |
